• 首页
  • 本馆介绍
  • 公告通知
  • 最新文献
  • 馆藏检索
  • 电子资源
  • 读者导购
  • 参考咨询
  • 我的图书馆
  • 登录
  • 详细信息显示
  • 放入我的书架
  • 预约/预借图书
  • 作者相关作品
  • 分类相关作品
  • 丛书相关作品
  • 出版社相关作品

书目信息

  • 表格格式
  • 工作单格式
  • 卡片格式
题名:
世界历史读本
    
 
作者: 奥尼尔 著 ;李江艳 译
分册: 4   一个新时代的开始
出版信息: 成都   天地出版社  2020.05
页数: 232页
开本: 21cm
丛书名:
单 册:
中图分类: K109 , K12-49
科图分类:
主题词: 世界史--通俗读物 , 世界史--古代史--通俗读物
电子资源:
ISBN: 978-7-5455-5486-1
000 01026nam0 2200289 450
001 0120203032731
005 20201103142655.62
010    @a978-7-5455-5486-1@dCNY43.60,CNY218.00(全5册)
100    @a20200707d2020 em y0chiy50 ea
101 1  @achi@ceng
102    @aCN@b510000
105    @aa z 000yy
106    @ar
200 1  @a世界历史读本@9shi jie li shi du ben@e全彩插图版@h4@i一个新时代的开始@b专著@f(英)伊丽莎白·奥尼尔著@g李江艳译
210    @a成都@c天地出版社@d2020.05
215    @a232页@d21cm
300    @a从不同的世界走向同一个世界
330    @a本书主要内容包括:文艺复兴、君士坦丁堡的陷落、文化之都佛罗伦萨、印刷术的产生、“航海者”亨利王子、达·伽马、斐迪南和伊莎贝拉、发现美洲等。
333    @a一般读者
606 0  @a世界史@j通俗读物
606 0  @a世界史@x古代史@j通俗读物
690    @aK109@v5
690    @aK12-49@v5
701  0 @c(英)@a奥尼尔@9ao ni er@c(O'neill, Elizabeth)@4著
702  0 @a李江艳@9li jiang yan@4译
801  0 @aCN@b人天书店@c20200707
905    @b1298301-02@dK109@e333:4@f2
    
    世界历史读本:全彩插图版.4.一个新时代的开始/(英)伊丽莎白·奥尼尔著/李江艳译.-成都:天地出版社,2020.05
    232页;21cm
    从不同的世界走向同一个世界.-使用对象:一般读者
    
    ISBN 978-7-5455-5486-1:CNY43.60,CNY218.00(全5册)
    本书主要内容包括:文艺复兴、君士坦丁堡的陷落、文化之都佛罗伦萨、印刷术的产生、“航海者”亨利王子、达·伽马、斐迪南和伊莎贝拉、发现美洲等。
●
相关链接 在E读中查询图书 在五车中查询图书 在当当中查询图书 在豆瓣中查询图书


正题名:世界历史读本     索取号:K109/333:4         预约/预借

序号 登录号 条形码 馆藏地/架位号 状态 备注
1 1298301   212983011   第二样本阅览室/ [索取号:K109/333:4] 在馆    
2 1298302   212983020   第二借阅区/ [索取号:K109/333:4] 在馆    
唐山师范学院图书馆 欢迎您!
大连网信软件有限公司© 版权所有